L'Espagne pour les touristes... - Statistiques

Statistiques générales
  • Ce quiz a été pris 222 fois
  • Le résultat moyen est 12 sur 20
Statistiques - réponses
Question Indice Réponses % Correct
Quelles sont les langues officielles ? Espagnol
97%
Le suffixe internet est es
96%
Quelles sont les principales villes touristiques ? B Barcelone
95%
Quelle est la monnaie ? Euro
94%
Dans la capitale y-a-t-il un décalage horaire avec Paris ? (oui/non) Non
94%
La conduite se fait à droite ou à gauche ? Droite
93%
Quelles sont les principales villes touristiques ? M Madrid
93%
La vitesse sur autoroute généralement illimitée, si elle l'est c'est à {120} km/h
81%
Quelles sont les principaux lieux touristiques ? C Catalan
69%
Quelles sont les principales villes touristiques ? G Grenade
66%
Le taux d'alcoolémie toléré au volant est de {0.5} g/l
65%
La religion majoritaire est C catholicisme
54%
Achats à faire 2/ Boisson alcoolisée Vin
50%
Quelles sont les principaux lieux touristiques ? B Basque
43%
Achats à faire 1/ Salaison Jambon
34%
Quelles sont les principaux lieux touristiques ? G Galicien
30%
Achats à faire 3/ Produit des huîtres Perle
30%
Quelles sont les principales villes touristiques ? SJ Saint-Jacques-de-Compostelle
24%
On peut y visiter les parcs nationaux de O Ordesa
3%
On peut y visiter les parcs nationaux de PDE Picos de Europa
1%
Aucun quiz correspondant
Distribution des résultats
% des personnes avec chaque résultat
Percentile par nombre de réponses
Votre historique - résultats
Vous n’avez pas pris ce quiz